| 000 | 00770nam a22002537a 4500 | ||
|---|---|---|---|
| 005 | 20170123162317.0 | ||
| 010 | _aB-100264 | ||
| 020 | _c100.00 | ||
| 035 | _aB-100264 | ||
| 037 | _bCen Lib/Ret | ||
| 040 |
_aDPL _bUR |
||
| 082 |
_aن _bا ب ن |
||
| 100 |
_aابن صفی _9656 |
||
| 245 |
_aخونی اندھیرا / _cابن صفی |
||
| 246 |
_aKhooni andhiyara / _bby Abne Safi |
||
| 260 |
_a دہلی _bکتاب والا _c2004 |
||
| 270 |
_b دہلی _e110006 _a٢٧٩٤، گلی جھوٹ والی پہاڑی بھوجلہ |
||
| 300 |
_a157p. _c21cm(Hb) |
||
| 650 |
_aاردو ادب _v _9114841 |
||
| 650 |
_aاردو ناول _9547 |
||
| 650 |
_aUrdu literature _9114842 |
||
| 650 |
_aUrdu novel _9114843 |
||
| 942 |
_2ddc _cUR _hن _mا ب ن |
||
| 999 |
_c106768 _d106768 |
||